Quizzes
Events
Quiz Creation
Community
Videos
Private Events
Remove Ads
Sign In
Join for FREE
Feedback
Dark Mode
Quiz Categories
Sports
Geography
Music
Movies
Television
Just For Fun
Miscellaneous
History
Literature
Language
Science
Gaming
Entertainment
Religion
Holiday
For Kids
Quiz Lab
Recent
Popular Today
Quiz Kudos Today
Editor Picks
Curator Picks
Quizzes by...
Day
Popularity
Type
Ratings
Length
Year
Community
Subscriptions
Recent Discussions
Orange Saloon
Badges
Playlists
Quests
Create
Leaderboards
Showdown
Live 5
Trivia Bingo
Activity
Puzzle Library
Sporcle Events
Private Events
Virtual Trivia
Globe League
Become a Host
Pub Owners
SporcleCon
Opinionation
Our Games
Videos
Blog
Mobile Apps
Partnerships
Remove Ads and Go Orange
Feedback
Language
Vocabulary
Begins and Ends
Definition
Spanish
French
German
Italian
Chinese
Latin
Translation
Japanese
Language
Vocabulary
Begins and Ends
Definition
Spanish
French
German
Italian
Chinese
Latin
Translation
Japanese
Random Quiz
Search Sporcle
×
Quiz Lab
Quiz Lab
Language
French
Type in answers that appear in a list
Type in answers that appear in a list
Classic
Best Score? Go Orange.
Do you know french? Stats
Can you name the french for these words??
By
SporcleEXP
10m
122 Questions
5,350 Plays
5,350 Plays
5,350 Plays
Comments
Comments
Give Quiz Kudos
Give Quiz Kudos
-
- Ratings
hide this ad
Random Order
Randomize order of answers
Randomize order of answers
Replay
Link that replays current quiz
Next Quiz
Link to next quiz in quiz playlist
You Got
0%
They Got
Avg Score
54%
Avg Friend Score
Upgrade to see
Score Distribution
Jump to the score distribution portion of the page
Score
0/122
Timer
10:00
0
Plays Today
type of question
francais
% Correct
Numbers
Un
94.8%
Conversation
Bonjour
94.8%
Numbers
Deux
93.3%
Numbers
Trois
93.2%
Numbers
Sept
92.7%
Numbers
Cinq
91.8%
Numbers
Dix
91.8%
Numbers
Quatre
91.5%
Numbers
Neuf
91.3%
Numbers
Six
91.1%
Numbers
Huit
91%
Numbers
Onze
89.8%
Conversation
Au revoir
88.4%
Numbers
Douze
85.7%
Numbers
Dix-sept
85.5%
Numbers
Dix-neuf
85.4%
Numbers
Dix-huit
85.3%
Numbers
Treize
82.3%
Numbers
Vingt
82.3%
Numbers
Quatorze
81.8%
Numbers
Seize
78%
Conversation
Je m'appelle
77.5%
Numbers
Quinze
76.5%
Months
Novembre
73.3%
Months
Decembre
73.2%
Months
Avril
73.2%
Months
Septembre
73.1%
Months
Mai
72.9%
Months
Octobre
72.7%
Months
Janvier
72.4%
Months
Mars
71.6%
Colours
Blanc
70.8%
Colours
Bleu
70.4%
Pencil case
Livre
70.3%
Conversation
Jai
70.1%
Colours
Orange
70.1%
Months
Fevrier
70%
Family
Moi
69.6%
Colours
Rouge
69.3%
Colours
Noir
69.1%
Week day
Lundi
69%
type of question
francais
% Correct
Months
Aout
68.7%
Week day
Mardi
68.2%
Conversation
Ans
67.7%
Colours
Vert
67.4%
Months
Juin
67%
Family
Mere
67%
Family
Pere
66.8%
Colours
Rose
66.2%
Family
Grand-Pere
65.8%
Week day
Vendredi
65.7%
Pet
Chat
65.4%
Week day
Mercredi
65.1%
Week day
Dimanche
65.1%
Week day
Samedi
65%
Family
Frere
64.8%
Colours
Gris
64.3%
Family
Grand-Mere
64.1%
Week day
Jeudi
63.6%
Pet
Chien
62.4%
Family
Soeur
61.9%
Family
Oncle
61.7%
Colours
Jaune
61.6%
Months
Juillet
61.4%
Conversation
Ca va
60.2%
Pencil case
Stylo
60%
Colours
Brun or Marron
59.7%
Pet
Poisson
58.9%
Family
Cousin
58.9%
Family
Cousine
58.2%
Conversation
Salut
57.6%
Family
Tante
57.1%
Conversation
Et toi
56.1%
Pencil case
Crayon
53.6%
Pet
Cheval
53.3%
Countries (European)
France
45.6%
Conversation
Mon anniversaire
44.4%
Pet
Lapin
44%
Family
Demi-Frere
43.7%
Family
Demi-Soeur
42.7%
Pet
Oiseau
42.5%
Pencil case
Calculette
40.9%
type of question
francais
% Correct
Countries (European)
Angleterre
38.4%
Pet
Souris
38.2%
Countries (European)
Italie
37.8%
Countries (European)
Espagne
33.4%
Pencil case
Cahier
32.5%
Conversation
Quel age as-tu
32.3%
Countries (European)
Allemagne
31.7%
Pet
Serpent
30.8%
Countries (European)
Suisse
30.1%
Countries (European)
Belgique
29.5%
Countries (European)
Luxembourg
28.5%
Pencil case
Regle
28.4%
Pencil case
Gomme
28%
Countries (European)
Grece
26.4%
Countries (European)
Portugal
25.8%
Conversation
Ca va bien merci
24.3%
Countries (European)
Ecosse
23.7%
Conversation
Commment tu t'appelles
23.4%
Conversation
Bof or Comme ci comme ca
22.8%
Countries (European)
Irlande
22.6%
Pet
Tortue
21.7%
Pet
Hamster
21.4%
Pencil case
Compas
20.1%
Countries (European)
Suede
18.7%
Countries (European)
Norvege
17.3%
Pet
Cochon D'Inde
16.6%
Countries (European)
Finlande
16.5%
Countries (European)
Autriche
16.4%
Pet
Araignee
15.5%
Pencil case
Ciseaux
15.5%
Countries (European)
Pologne
14.3%
Countries (European)
Irlande Du Nord
13.4%
Countries (European)
Danemark
13.2%
Pencil case
Trousse
12.9%
Pencil case
Taille Crayon
12.5%
Countries (European)
Pays De Galles
12.4%
Pencil case
Bic
9.3%
Pencil case
Feutre
7.2%
Conversation
Ca ne va pas
6.9%
Conversation
Quelle est la date de ton anniversaire
5.1%
Quiz Playlist
Details
Report
Send in Message
Add To Playlist
Classic:
Type in answers that appear in a list
Random Order:
Randomize order of answers
Last Updated: Jul 25, 2017
Quiz Scoreboard
CHALLENGE
Sign Up to Join the Scoreboard
Show All
Scores
Hide
Comments
May contain spoilers
Recently Published
Decade Duel: World Leaders
by jenniferyan
History
4m
Alphabetical 'K' Countries by Flag Minefield
by ylime102
Geography
3m
Pick 6: Fruits
by JohnFran
Miscellaneous
15s
More to Explore
Quiz From the Vault
Featured Blog Post
15 Basketball Trivia Facts You Can Be March Mad About
hide this ad
You Might Also Like...
Tags
French Quiz
angle
francais
Today's Top Quizzes in Language
Browse Language
hide this ad
Today's Top Quizzes in French
Browse French
Top Contributed Quizzes in Language
1
Spring or Fall
2
Spanish Seasons
3
Multilingual Seasons
4
Seasonal Rhymes
5
Einsilbige Reime auf Chips
6
Name the 4 Seasons in English
7
Spring or Fall?
8
Quick Pick: Seasons in Esperanto
9
Quick Pick: Prefixes for Spring
10
Rhymes With 'Spring'
Explore More
Trending Topics
Kpop
Marvel
Anime
Crossword
Disney
Harry Potter
NBA
Soccer
Puzzle
NFL
WWE
Song
Country
The Office
Pokémon
hide this ad
More By:
SporcleEXP
Quiz
Plays
Rating
Category
Featured
Created
Harry Potter Deaths in Order Minefield
3,060,440
4.18
Literature
Jan 27, 2016
Sins, Dwarfs, and Spice Girls
846,640
4.42
Just For Fun
Apr 11, 2012
Ancient History Bunker
706,587
4.28
History
Jan 20, 2014
Movie Posters VI
678,035
4.37
Movies
Nov 12, 2010
Movie Posters VII
620,927
4.44
Movies
Apr 16, 2011
Go to Creator's Profile
Score Distribution
Quiz Creator Spotlight
SporcleEXP
Follow
Send a Message
Quizzes Created
-
Created Quiz Play Count
-
More By This Creator
Popular Quizzes Today
1
Countries of Asia Without Outlines Minefield
2
Find the US States - No Outlines Minefield
3
Pick 6: Fruits
4
Alphabetical 'K' Countries by Flag Minefield
5
The Countries of the World
6
Find the Countries of Europe - No Outlines Minefield
7
US States
8
Find the US States
More Language Quizzes
All the Word's a 'S-T-A-G-E'
Published
Trending Quizzes
Pick 6: Mountains
Pick 6: Harry Potter
Pick 6: Flags
Pick 6: NFL Teams
Pick 6: Movie Franchises
Recently Updated
Adaptations: Name the Title
pecheneg
NWSL Teams
pecheneg
Women's Final Four Teams by Year
bhenderson79
Presidents Quartet II
eogle
Anything But Clue(do)
eogle
Anything But Oceanian Capitals
eogle
Anything But 7
eogle
Anything But Thing
eogle
Word Ladder: February 29
pecheneg
Song Title Questions
pecheneg
Trending Topics
Harry Potter
Anime
NBA
Disney
Kpop
Marvel
Crossword
Country
Pokémon
NFL
Puzzle
The Office
WWE
Song
Soccer
Your Account Isn't Verified!
In order to create a playlist on Sporcle, you need to verify the email address you used during registration. Go to your
Sporcle Settings
to finish the process.
Report this User
Report this user for behavior that violates our
Community Guidelines
.
Details:
Send Report
Go to the Sporcle.com Mobile Site →
Comments